000 00228nam a22000857a 4500
008 170121b xxu||||| |||| 00| 0 eng d
100 _92523
_aHats.N.
245 _aReader for sustained Silent reading-3
260 _aMumbai
_bChetana
_c2015
999 _c5607
_d5607